MARC

Tag First Indicator Second Indicator Subfields
LEADER 00000cam a2200000La 4500
001 in00001753657
005 20220105110338.0
006 m u
007 cr cn---------
008 010815s1999 enka sb 001 0 eng d
020 |a 020317044X (electronic bk.) 
035 |a (OCoLC)ocm48139075 
040 |a N$T  |c N$T  |d OCLCQ  |d UtOrBLW 
043 |a e------ 
049 |a IICA 
050 1 4 |a HG186.E8  |b B56 1999eb 
082 0 4 |a 332.1/094  |2 21 
100 1 |a Bindemann, Kirsten,  |d 1966-  |0 http://id.loc.gov/authorities/names/n99015342 
245 1 4 |a The future of European financial centres /  |c Kirsten Bindemann. 
264 1 |a London ;  |a New York :  |b Routledge,  |c 1999. 
300 |a x, 152 pages :  |b illustrations ;  |c 24 cm. 
336 |a text  |b txt  |2 rdacontent 
337 |a computer  |b c  |2 rdamedia 
338 |a online resource  |b cr  |2 rdacarrier 
490 1 |a Routledge international studies in money and banking 
504 |a Includes bibliographical references (pages [106]-113) and index. 
533 |a Electronic reproduction.  |b Boulder, Colo. :  |c NetLibrary,  |d 2001.  |n Available via World Wide Web.  |n Access may be limited to NetLibrary affiliated libraries. 
500 |a Electronic resource. 
650 0 |a Financial services industry  |z European Union countries. 
650 0 |a Financial institutions  |z European Union countries. 
650 0 |a International finance.  |0 http://id.loc.gov/authorities/subjects/sh85067405 
655 7 |a Electronic books.  |2 local 
710 2 |a NetLibrary, Inc.  |0 http://id.loc.gov/authorities/names/no99080690 
776 1 |c Original  |z 0415204038  |w (DLC) 99020645  |w (OCoLC)40881566 
830 0 |a Routledge international studies in money and banking.  |0 http://id.loc.gov/authorities/names/n96082672 
856 4 1 |u https://proxy.library.tamu.edu/login?url=http://www.netLibrary.com/urlapi.asp?action=summary&v=1&bookid=60655  |z Connect to the full text of this electronic book  |t 0 
994 |a X0  |b IIC 
999 |a MARS 
999 f f |s ea18489e-f857-3c7e-a3b5-c8fdd79c3c5e  |i 46b1b237-a5e1-3314-aac6-4270ea156a89  |t 0 
952 f f |a Texas A&M University  |b College Station  |c Electronic Resources  |d Available Online  |t 0  |e HG186.E8 B56 1999eb  |h Library of Congress classification 
998 f f |a HG186.E8 B56 1999eb  |t 0  |l Available Online